Cm̤o crear y dirigir la nueva empresa

Detalles Bibliográficos
Autor principal: Flr̤ez Andrade, Julio
Formato: eBook
Lenguaje:español
Publicado: Bogot:̀ ECOE, 2007
Edición:Tercera edicin̤
Materias:
Acceso en línea:Acceso restringido

MARC

LEADER 00000nam a22000007a 4500
005 20220216212711.0
007 cr|||| ||||
008 220216s2007 co |||||s|||| 00||0 spa d
020 |a 9781449279363 
035 |a 35830 
040 |a vLex 
090 |c 13003  |d 13003 
100 1 |a Flr̤ez Andrade, Julio 
245 1 0 |a Cm̤o crear y dirigir la nueva empresa  |h [Recurso electrn̤ico] /  |c Julio Flr̤ez Andrade 
250 |a Tercera edicin̤ 
256 |a Servicio en ln̕ea 
260 |a Bogot:̀  |b ECOE,  |c 2007 
300 |a 1 recurso electrn̤ico 
506 1 |a Disponible solo en los productos indicados  |d vLex Global  |d vLex Global (Academic Edition, excluding Law Schools)  |d vLex Global (U.S. Academic Edition, Law Schools)  |d vLex Global (U.S. Academic Edition, excluding Law Schools)  |d vLex Global (Academic Edition, Law Schools) 
650 0 4 |a Administracin̤ (Management)  |z Colombia 
740 0 |a vLex Libros (Servicio en ln̕ea) 
856 4 0 |u https://app.vlex.com/#/sources/35830  |z Acceso restringido 
942 |c BOOK 
999 0 |a Management